| 000 | 00599nam a22002055i 4500 | ||
|---|---|---|---|
| 001 | 12939 | ||
| 003 | ES-MaACL | ||
| 005 | 20230906150437.0 | ||
| 007 | t| | ||
| 008 | 960123s1995 sp ||||0| spa j | ||
| 020 | _a84-465-0048-5 | ||
| 040 |
_aM-BN _bspa _cM-BN |
||
| 080 | _a159.9.016.1 | ||
| 100 | 1 |
_aBlázquez, Leo. _929441 |
|
| 245 | 1 | 3 |
_aEl poder de la energía inteligente / _cLeo Blázquez. |
| 260 |
_aSan Fernando de Henares, Madrid : _bBitácora, _cD.L. 1995. |
||
| 300 |
_a133 p. : _bil. col. ; _c28 cm. |
||
| 650 | 1 | 4 |
_aDigitopuntura. _911888 |
| 852 |
_aES-MaACL _jL-20246 _bR.124316 |
||
| 999 |
_c12939 _d12939 |
||